[Event "26. ekipno prvenstvo hrvatske u sahu - I"]
[Site "Bjelovar, Krapina, Djurdjevac,"]
[Date "2017.03.26"]
[Round "1.11"]
[White "Muha, Miljenko"]
[Black "Raguz, Dario"]
[Result "1-0"]
[WhiteElo "2261"]
[BlackElo "2131"]
[PlyCount "67"]
[EventDate "2016.03.26"]

1. d4 Nf6 2. c4 e6 3. Nc3 Bb4 4. e3 b6 5. Nge2 Ba6 6. a3 Bxc3+ 7. Nxc3 d5 8.
Qf3 O-O 9. g4 c6 10. b3 Ne8 11. a4 Nd6 12. Ba3 Re8 13. Qf4 Nb7 14. Rb1 Nd7 15.
cxd5 Bxf1 16. dxe6 Rxe6 17. Kxf1 Nf6 18. Rg1 Nd5 19. Nxd5 Qxd5 20. Qf5 Qxf5 21.
gxf5 Rf6 22. e4 Re8 23. Re1 Rh6 24. Kg2 c5 25. d5 Na5 26. Re3 c4 27. b4 Nb3 28.
b5 Rh4 29. f3 Nd4 30. Bc1 Rc8 31. Rd1 Nb3 32. Rc3 Na5 33. d6 Rh5 34. Bf4 1-0

[Event "26. ekipno prvenstvo hrvatske u sahu - I"]
[Site "Bjelovar, Krapina, Djurdjevac,"]
[Date "2017.03.26"]
[Round "1.12"]
[White "Dadic, Ivan"]
[Black "Medic, Mirjana"]
[Result "1/2-1/2"]
[WhiteElo "2160"]
[BlackElo "2149"]
[PlyCount "166"]
[EventDate "2016.03.26"]

1. e4 e6 2. d3 d5 3. Nd2 Nf6 4. c3 c5 5. Ngf3 Nc6 6. Be2 Be7 7. O-O O-O 8. Re1
Qc7 9. Bf1 b6 10. Qc2 Bb7 11. g3 Rac8 12. exd5 exd5 13. Bh3 Rce8 14. d4 Bd6 15.
Rxe8 Rxe8 16. Nf1 cxd4 17. cxd4 Nb4 18. Qxc7 Bxc7 19. Be3 Bd6 20. Ne1 a5 21. a3
Nc6 22. Rc1 a4 23. Nd2 Na5 24. Bg5 Bc6 25. Bxf6 gxf6 26. Nef3 Rb8 27. Nh4 b5
28. Bg2 b4 29. axb4 Bxb4 30. Nb1 Bf8 31. Nc3 Nb3 32. Rd1 Rd8 33. Nf5 Bb4 34.
Na2 Bf8 35. Ne3 Kg7 36. Nc3 a3 37. bxa3 Bxa3 38. Ncxd5 Bd7 39. Nb6 Bb5 40. Nf5+
Kg6 41. Be4 Be2 42. Re1 Nc1 43. Ne3+ f5 44. Nxf5 Kf6 45. f4 Bd3 46. g4 Bxe4 47.
Rxe4 h5 48. h3 hxg4 49. hxg4 Nd3 50. Kf1 Bc1 51. Re7 Bxf4 52. Ke2 Nb4 53. Kf3
Bh2 54. Ke4 Nc6 55. Rb7 Re8+ 56. Kf3 Rd8 57. Nd7+ Ke6 58. Nc5+ Kd5 59. Rxf7 Kc4
60. Ne3+ Kc3 61. Ne6 Nxd4+ 62. Nxd4 Kxd4 63. g5 Be5 64. Nf5+ Kd5 65. Re7 Ra8
66. Kg4 Ra1 67. Ne3+ Kd6 68. Re8 Rg1+ 69. Kf5 Bc3 70. Kg6 Kd7 71. Re4 Bb2 72.
Nd5 Kd6 73. Nf4 Bc3 74. Kf5 Bb2 75. g6 Bg7 76. Re6+ Kd7 77. Ra6 Bh6 78. Ra7+
Kd6 79. Rh7 Bxf4 80. g7 Be5 81. Rh6+ Kd7 82. Rg6 Rxg6 83. Kxg6 Bxg7 1/2-1/2

[Event "26. ekipno prvenstvo hrvatske u sahu - I"]
[Site "Bjelovar, Krapina, Djurdjevac,"]
[Date "2017.03.26"]
[Round "1.13"]
[White "Frouth, Nenad"]
[Black "Heged, Vlado"]
[Result "1-0"]
[WhiteElo "2140"]
[BlackElo "2133"]
[PlyCount "75"]
[EventDate "2016.03.26"]

1. Nf3 f5 2. c4 e6 3. Nc3 Nf6 4. g3 d5 5. Bg2 c6 6. d4 Bd6 7. O-O O-O 8. a4 a5
9. b3 Nbd7 10. Ba3 Qe7 11. Bxd6 Qxd6 12. Qc2 Ne4 13. e3 b6 14. cxd5 exd5 15.
Rfc1 Bb7 16. Ne2 g5 17. Ne1 Qe6 18. Nd3 Rae8 19. b4 axb4 20. a5 c5 21. dxc5
Ndxc5 22. Nd4 Qf6 23. Nxb4 bxa5 24. Rxa5 Rc8 25. Qa2 Ne6 26. Ndc6 Bxc6 27. Rxc6
Rxc6 28. Nxc6 Nc7 29. Qc2 f4 30. Bxe4 dxe4 31. Qxe4 fxg3 32. Ne7+ Kh8 33. Rf5
gxf2+ 34. Kxf2 Qb2+ 35. Kg3 Rxf5 36. Qxf5 Kg7 37. Qxg5+ Kf7 38. Qf4+ 1-0

[Event "26. ekipno prvenstvo hrvatske u sahu - I"]
[Site "Bjelovar, Krapina, Djurdjevac,"]
[Date "2017.03.26"]
[Round "1.14"]
[White "Ilic, Ognjen"]
[Black "Purgar, Ivona"]
[Result "1/2-1/2"]
[WhiteElo "2108"]
[BlackElo "2156"]
[PlyCount "61"]
[EventDate "2016.03.26"]

1. d4 Nf6 2. Nf3 e6 3. Bg5 h6 4. Bh4 b6 5. e3 Bb7 6. Nbd2 c5 7. c3 Be7 8. Bd3
d5 9. Ne5 O-O 10. O-O Ne4 11. Bxe7 Qxe7 12. Qe2 Nd7 13. Nxd7 Qxd7 14. Rfd1 Qe7
15. Nf3 c4 16. Bc2 b5 17. Nd2 Nf6 18. e4 dxe4 19. Nxe4 Nxe4 20. Bxe4 Rfe8 21.
Re1 Red8 22. Rad1 Qc7 23. Qf3 Bd5 24. Bxd5 Rxd5 25. Re5 Rad8 26. Rxd5 Rxd5 27.
g3 Qd8 28. Re1 Qg5 29. Qe3 Qf5 30. Qe4 Qg5 31. Qe3 1/2-1/2

[Event "26. ekipno prvenstvo hrvatske u sahu - I"]
[Site "Bjelovar, Krapina, Djurdjevac,"]
[Date "2017.03.26"]
[Round "1.15"]
[White "Frank, Vladimir"]
[Black "Margitic, Zdravko"]
[Result "1/2-1/2"]
[WhiteElo "2051"]
[BlackElo "2082"]
[PlyCount "114"]
[EventDate "2016.03.26"]

1. Nf3 Nc6 2. d4 d5 3. c4 e6 4. Nc3 Nf6 5. Bg5 Be7 6. e3 O-O 7. Rc1 h6 8. Bh4
a6 9. Be2 dxc4 10. Bxc4 b5 11. Bd3 Bb7 12. O-O Nd7 13. Bxe7 Qxe7 14. a4 b4 15.
Ne4 Rfc8 16. Nc5 Nxc5 17. Rxc5 Nb8 18. Bb1 Nd7 19. Qc2 Nf6 20. Qe2 a5 21. Rfc1
Qd7 22. b3 Be4 23. Ne5 Qe8 24. Ng4 Bxb1 25. Nxf6+ gxf6 26. Rxb1 f5 27. Rbc1 Qe7
28. Qf3 Ra7 29. d5 Rd8 30. g3 Rd6 31. Qf4 exd5 32. Qxf5 Qe6 33. Qxe6 fxe6 34.
Rxc7 Rxc7 35. Rxc7 d4 36. exd4 Rxd4 37. Rc5 Rd3 38. Rxa5 Rxb3 39. Rb5 Rb1+ 40.
Kg2 b3 41. a5 Kf7 42. a6 b2 43. g4 Kf6 44. h4 Ra1 45. Rxb2 Rxa6 46. Rb7 Ra4 47.
Kg3 Ra3+ 48. f3 Ra1 49. h5 Rg1+ 50. Kf2 Ra1 51. Rh7 Kg5 52. Ke3 e5 53. Rf7 Kh4
54. Rf6 Kg3 55. g5 Re1+ 56. Kd2 Rh1 57. Ke2 hxg5 1/2-1/2

[Event "26. ekipno prvenstvo hrvatske u sahu - I"]
[Site "Bjelovar, Krapina, Djurdjevac,"]
[Date "2017.03.26"]
[Round "1.21"]
[White "Slogar, Dubravko"]
[Black "Czebe, Attila"]
[Result "1/2-1/2"]
[WhiteElo "2275"]
[BlackElo "2484"]
[PlyCount "75"]
[EventDate "2016.03.26"]

1. d4 Nf6 2. Nf3 b6 3. g3 Bb7 4. Bg2 g6 5. c4 Bg7 6. Nc3 Ne4 7. Nxe4 Bxe4 8.
O-O O-O 9. Bf4 Nc6 10. Rc1 Qc8 11. d5 Nd8 12. Qd2 c5 13. Bh6 Bxh6 14. Qxh6 Bxf3
15. Bxf3 Rb8 16. h4 d6 17. h5 Qf5 18. Qe3 e5 19. dxe6 Nxe6 20. hxg6 hxg6 21.
Qh6 Rfe8 22. Bc6 Re7 23. e3 Qf6 24. b3 Ng7 25. Kg2 Nf5 26. Qf4 Kg7 27. Rh1 g5
28. Qf3 Qg6 29. Rce1 Re5 30. Bd7 g4 31. Qd1 Rh8 32. Bxf5 Rxf5 33. Rxh8 Kxh8 34.
Rh1+ Kg7 35. Rh4 Rg5 36. Qa1+ Re5 37. Qd1 Rg5 38. Qa1+ 1/2-1/2

[Event "26. ekipno prvenstvo hrvatske u sahu - I"]
[Site "Bjelovar, Krapina, Djurdjevac,"]
[Date "2017.03.26"]
[Round "1.22"]
[White "Sindik, Ervin"]
[Black "Mulugeta, Danijel"]
[Result "1/2-1/2"]
[WhiteElo "2334"]
[BlackElo "2287"]
[PlyCount "91"]
[EventDate "2016.03.26"]

1. e4 e5 2. Nf3 Nf6 3. Nxe5 d6 4. Nf3 Nxe4 5. d4 d5 6. Bd3 Be7 7. O-O Nd6 8.
Bf4 O-O 9. Nc3 c6 10. Ne2 Nd7 11. Ng3 Re8 12. Re1 Nf8 13. b3 Be6 14. Ne5 f6 15.
Nf3 Qd7 16. h3 Ng6 17. Bd2 Bd8 18. c3 Bc7 19. Qc2 Bf7 20. Nh5 Nf8 21. Ng3 Bg6
22. c4 Bxd3 23. Qxd3 Rxe1+ 24. Rxe1 Re8 25. c5 Rxe1+ 26. Bxe1 Nc8 27. Nf5 Ne7
28. Nxe7+ Qxe7 29. Kf1 Kf7 30. Qf5 Qd7 31. Qxd7+ Nxd7 32. Ke2 f5 33. b4 Kf6 34.
a4 f4 35. Nd2 Nf8 36. b5 Ba5 37. Nb3 Bxe1 38. Kxe1 Ne6 39. Ke2 cxb5 40. axb5
Nc7 41. b6 axb6 42. cxb6 Na8 43. Nc5 Nxb6 44. Nxb7 Nc4 45. Nc5 Kf5 46. Kf3
1/2-1/2

[Event "26. ekipno prvenstvo hrvatske u sahu - I"]
[Site "Bjelovar, Krapina, Djurdjevac,"]
[Date "2017.03.26"]
[Round "1.23"]
[White "Skrbin, Kresimir"]
[Black "Orak, Ljubomir"]
[Result "0-1"]
[WhiteElo "2212"]
[BlackElo "2273"]
[PlyCount "64"]
[EventDate "2016.03.26"]

1. d4 Nf6 2. Bf4 g6 3. Nc3 d5 4. Qd2 c6 5. Nf3 Bg7 6. h4 h5 7. Ne5 Bf5 8. f3
Nbd7 9. e3 a5 10. Bd3 Bxd3 11. Qxd3 a4 12. g4 a3 13. g5 axb2 14. Rb1 Nh7 15.
Nxg6 fxg6 16. Qxg6+ Kf8 17. Rxb2 Ra7 18. O-O e5 19. Bxe5 Nxe5 20. dxe5 Qd7 21.
f4 Qg4+ 22. Kf2 Qxh4+ 23. Ke2 Qg4+ 24. Kd3 Kg8 25. e6 Nf8 26. Qf7+ Kh7 27. Rh1
Ng6 28. e7 Qf3 29. Kd2 Qxh1 30. e8=Q Rxe8 31. Qxe8 Qg2+ 32. Kd3 Qf1+ 0-1

[Event "26. ekipno prvenstvo hrvatske u sahu - I"]
[Site "Bjelovar, Krapina, Djurdjevac,"]
[Date "2017.03.26"]
[Round "1.24"]
[White "Segovic, Goran"]
[Black "Novosel, Tomislav"]
[Result "1/2-1/2"]
[WhiteElo "2255"]
[BlackElo "2203"]
[PlyCount "148"]
[EventDate "2016.03.26"]

1. e4 c5 2. Nf3 d6 3. Bb5+ Bd7 4. Bxd7+ Qxd7 5. O-O e6 6. c3 Nf6 7. Qe2 Nc6 8.
d4 cxd4 9. cxd4 d5 10. e5 Ne4 11. Be3 Be7 12. Ne1 f5 13. Nd3 O-O 14. f3 Ng5 15.
Nd2 Rac8 16. Rfc1 b6 17. a3 Rc7 18. b4 Rfc8 19. Nb3 Nf7 20. f4 Ncd8 21. Nb2
Rxc1+ 22. Rxc1 Rxc1+ 23. Bxc1 Qc8 24. Qd3 h6 25. Kf2 g6 26. Ke2 Kg7 27. Bd2 g5
28. g3 Nh8 29. a4 gxf4 30. gxf4 Ng6 31. b5 Nf7 32. a5 bxa5 33. Na4 Bb4 34. Nbc5
Nd8 35. Ke3 Bxc5 36. dxc5 a6 37. bxa6 Nc6 38. Qb5 d4+ 39. Kd3 Nge7 40. Qb7 Qe8
41. Nb6 Qh5 42. Kc2 Qf3 43. a7 Nb4+ 44. Bxb4 Qxb7 45. a8=Q Qxa8 46. Nxa8 axb4
47. Nc7 Kf7 48. Kd3 b3 49. Nb5 Nd5 50. Nxd4 Nxf4+ 51. Kc3 b2 52. Kxb2 Nd3+ 53.
Kc3 Nxc5 54. Kc4 Ne4 55. Kd3 Ke7 56. Ke3 Nc3 57. Nf3 Nd5+ 58. Kd4 Nf4 59. Kc5
Kd7 60. Nh4 Ne2 61. Kc4 Kc6 62. Ng6 Kd7 63. Kd3 Nc1+ 64. Kc4 Ke8 65. Nf4 Kd7
66. Kc3 Kc6 67. Kc2 Na2 68. Kb3 Nc1+ 69. Kc4 Kd7 70. h4 Kc6 71. Nxe6 Ne2 72.
Nd4+ Nxd4 73. Kxd4 h5 74. e6 Kd6 1/2-1/2

[Event "26. ekipno prvenstvo hrvatske u sahu - I"]
[Site "Bjelovar, Krapina, Djurdjevac,"]
[Date "2017.03.26"]
[Round "1.25"]
[White "Stadler, Brigita"]
[Black "Novak, Ratko"]
[Result "0-1"]
[WhiteElo "2062"]
[BlackElo "2180"]
[PlyCount "102"]
[EventDate "2016.03.26"]

1. e4 d5 2. exd5 Qxd5 3. Nc3 Qa5 4. Bc4 c6 5. Qf3 Nf6 6. h3 e5 7. Nge2 Be7 8.
O-O O-O 9. d3 a6 10. Bd2 b5 11. Bb3 Qc7 12. a4 b4 13. Ne4 Nxe4 14. Qxe4 Bb7 15.
Ng3 c5 16. Qg4 Bc8 17. Qe2 Bd6 18. Ne4 Nc6 19. c3 bxc3 20. bxc3 Bf5 21. Bd5
Rad8 22. Qf3 Ne7 23. Bc4 Bg6 24. Bxa6 h6 25. Rfb1 f5 26. Nxd6 Qxd6 27. Bc4+ Kh7
28. Rb2 f4 29. Raa2 Nf5 30. a5 Nh4 31. Qg4 Qf6 32. g3 fxg3 33. Be3 Nf3+ 34. Kg2
Ne1+ 35. Kf1 Nxd3 36. Rb6 Rd6 37. Rxd6 Qxd6 38. Qxg3 Qb8 39. Bd5 Qb1+ 40. Kg2
Ne1+ 41. Kh2 e4 42. f4 Nf3+ 43. Kg2 Rd8 44. Be6 Rd1 45. h4 Qd3 46. Qf2 Rg1+ 47.
Qxg1 Nxg1 48. Bxg1 Qf3+ 49. Kh2 Qxf4+ 50. Kh3 Qf3+ 51. Kh2 e3 0-1

[Event "26. ekipno prvenstvo hrvatske u sahu - I"]
[Site "Bjelovar, Krapina, Djurdjevac,"]
[Date "2017.03.26"]
[Round "1.26"]
[White "Lovrencic, Vladimir"]
[Black "Stojkovic, Josip"]
[Result "1-0"]
[WhiteElo "2137"]
[BlackElo "2091"]
[PlyCount "85"]
[EventDate "2016.03.26"]

1. c4 Nf6 2. g3 c6 3. Bg2 d5 4. d4 dxc4 5. Nf3 g6 6. Qc2 Be6 7. Nbd2 Na6 8. a3
Qa5 9. Ne5 Nb4 10. Qc3 Nfd5 11. Bxd5 Qxd5 12. e4 Qxd4 13. axb4 Qxc3 14. bxc3
Bg7 15. f4 Bxe5 16. fxe5 O-O-O 17. Rxa7 Kb8 18. Ra3 Rd3 19. Rf1 Rhd8 20. Rf3 b5
21. Rxd3 Rxd3 22. Kf2 Bg4 23. Nf1 Bd1 24. Be3 Bc2 25. Ba7+ Kc8 26. Bd4 Rd1 27.
Ne3 Rd2+ 28. Ke1 Rxh2 29. Nxc2 Rxc2 30. Ra7 Kd8 31. Bb6+ Ke8 32. Bd4 Kd8 33.
Bc5 Rxc3 34. Rxe7 Rd3 35. Rxf7 c3 36. Ke2 c2 37. Rf1 Rxg3 38. e6 Rg2+ 39. Kd3
h5 40. Bd6 Kc8 41. Rf8+ Kb7 42. Rf7+ Kc8 43. Rc7+ 1-0

[Event "26. ekipno prvenstvo hrvatske u sahu - I"]
[Site "Bjelovar, Krapina, Djurdjevac,"]
[Date "2017.03.26"]
[Round "1.31"]
[White "Boric, Muhamed"]
[Black "Kristovic, Marijan"]
[Result "1-0"]
[WhiteElo "2373"]
[BlackElo "2300"]
[PlyCount "95"]
[EventDate "2016.03.26"]

1. Nf3 c5 2. c4 Nc6 3. g3 b6 4. Bg2 Bb7 5. O-O g6 6. e3 Bg7 7. d4 cxd4 8. exd4
Na5 9. b3 Nf6 10. Ba3 O-O 11. Re1 Re8 12. Nc3 d5 13. Ne5 e6 14. Rc1 dxc4 15.
Bxb7 Nxb7 16. bxc4 Bf8 17. Bb2 Na5 18. Qf3 Bg7 19. Ne4 Rc8 20. Ba3 Rc7 21. Nd6
Bf8 22. Nxe8 Nxe8 23. Bxf8 Kxf8 24. d5 Ng7 25. Rcd1 exd5 26. Rxd5 Qe7 27. Nxg6+
hxg6 28. Rxe7 Kxe7 29. Qa3+ Ke8 30. c5 Ne6 31. cxb6 axb6 32. Rxa5 bxa5 33. Qxa5
f5 34. h4 Kf7 35. Qb6 Rc4 36. Kg2 f4 37. g4 g5 38. hxg5 Rc5 39. Qb7+ Rc7 40.
Qd5 Ke7 41. Qe5 Rc5 42. Qf6+ Kd6 43. g6 Rc7 44. a4 Ra7 45. a5 Rxa5 46. g7 Ra8
47. Qf7 f3+ 48. Kg3 1-0

[Event "26. ekipno prvenstvo hrvatske u sahu - I"]
[Site "Bjelovar, Krapina, Djurdjevac,"]
[Date "2017.03.26"]
[Round "1.32"]
[White "Marangunic, Srdjan"]
[Black "Ivekovic, Bozidar"]
[Result "1-0"]
[WhiteElo "2346"]
[BlackElo "2357"]
[PlyCount "111"]
[EventDate "2016.03.26"]

1. Nf3 c5 2. c3 Qa5 3. e4 Nc6 4. Be2 Nf6 5. d3 e6 6. O-O Be7 7. Re1 d6 8. Bf1
O-O 9. Bg5 h6 10. Bh4 b5 11. Nbd2 e5 12. d4 cxd4 13. cxd4 Bg4 14. h3 Bh5 15.
Nb3 Qb6 16. d5 Na5 17. Nxa5 Qxa5 18. a4 bxa4 19. Rxa4 Qb6 20. b4 Bxf3 21. Qxf3
Nxd5 22. Bxe7 Nxe7 23. b5 Rad8 24. Qa3 Nc8 25. Rd1 Kh8 26. Be2 Rd7 27. Ra6 Qb7
28. Rc6 Rc7 29. Rdc1 Rxc6 30. Rxc6 Kg8 31. Qa6 Qb8 32. Rc1 Re8 33. Qc6 Nb6 34.
Qc7 Qa8 35. Rc6 d5 36. Bh5 Rf8 37. Qxe5 dxe4 38. Qxe4 Qb8 39. Rc1 Nc8 40. Be2
Nd6 41. Qd5 Rd8 42. Bf1 Ne8 43. Qc6 Qf4 44. Rc4 Qd2 45. Re4 Nf6 46. Re7 Qd4 47.
Qc4 Qxc4 48. Bxc4 Rd1+ 49. Kh2 Ra1 50. Rxf7 Kh8 51. Bd3 Kg8 52. Rb7 Kf8 53. Bg6
Ra4 54. g3 Nd5 55. h4 Nf6 56. Rf7+ 1-0

[Event "26. ekipno prvenstvo hrvatske u sahu - I"]
[Site "Bjelovar, Krapina, Djurdjevac,"]
[Date "2017.03.26"]
[Round "1.33"]
[White "Sokac, Marko"]
[Black "Havas, Ladislav"]
[Result "1-0"]
[WhiteElo "2278"]
[BlackElo "2258"]
[PlyCount "73"]
[EventDate "2016.03.26"]

1. e4 Nf6 2. Nc3 d5 3. e5 Ne4 4. d4 Nxc3 5. bxc3 c5 6. Nf3 Nc6 7. h3 Bf5 8. Rb1
Qc7 9. dxc5 O-O-O 10. Nd4 Qxe5+ 11. Be3 Bd7 12. Qf3 Qe4 13. Qxf7 Nxd4 14. cxd4
Qxc2 15. Rxb7 Qc3+ 16. Bd2 Qa1+ 17. Ke2 Kxb7 18. Qxd5+ Bc6 19. Qxd8 Qxa2 20. f4
g5 21. fxg5 e5 22. Qf6 Rg8 23. Ke1 Qa1+ 24. Kf2 Qxd4+ 25. Be3 Qd5 26. Kg3 h6
27. h4 h5 28. Qf3 e4 29. Qxh5 Bg7 30. Qe2 Rf8 31. Qa6+ Kb8 32. Be2 Be5+ 33. Kh3
Bc7 34. g3 Bd7+ 35. Kg2 Qb3 36. c6 Bxc6 37. Bxa7+ 1-0

[Event "26. ekipno prvenstvo hrvatske u sahu - I"]
[Site "Bjelovar, Krapina, Djurdjevac,"]
[Date "2017.03.26"]
[Round "1.34"]
[White "Hrvacic, Pavle"]
[Black "Turcin, Lovro"]
[Result "1/2-1/2"]
[WhiteElo "2259"]
[BlackElo "2159"]
[PlyCount "57"]
[EventDate "2016.03.26"]

1. e4 e5 2. Nf3 Nc6 3. Nc3 Nf6 4. a3 Bc5 5. Nxe5 Nxe5 6. d4 Bd6 7. dxe5 Bxe5 8.
Nb5 c6 9. Nd6+ Bxd6 10. Qxd6 Nxe4 11. Qe5+ Qe7 12. Qxg7 Nf6+ 13. Be3 Rg8 14.
Qh6 Rg6 15. Qf4 Nd5 16. Qd4 Nxe3 17. fxe3 Qf6 18. O-O-O Qxd4 19. Rxd4 d5 20.
Rh4 h6 21. Bd3 Rxg2 22. Rxh6 Rg8 23. e4 dxe4 24. Bxe4 Ke7 25. Re1 Be6 26. Bf5
Rh8 27. Rxh8 Rxh8 28. Bxe6 fxe6 29. Re2 1/2-1/2

[Event "26. ekipno prvenstvo hrvatske u sahu - I"]
[Site "Bjelovar, Krapina, Djurdjevac,"]
[Date "2017.03.26"]
[Round "1.35"]
[White "Cenkovcan, Andrija"]
[Black "Margeta, Zeljko"]
[Result "1-0"]
[WhiteElo "2030"]
[BlackElo "2062"]
[PlyCount "83"]
[EventDate "2016.03.26"]

1. e4 c5 2. Nf3 Nc6 3. Bb5 a6 4. Bxc6 bxc6 5. O-O d5 6. Re1 Bg4 7. h3 Bxf3 8.
Qxf3 e6 9. Nc3 Be7 10. d3 Nf6 11. Qg3 O-O 12. Bg5 Re8 13. Rad1 Qb8 14. Qxb8
Raxb8 15. Na4 Nd7 16. Bf4 e5 17. Bg3 Bd6 18. b3 g6 19. f3 f5 20. Bf2 d4 21. c3
Nb6 22. Nxb6 Rxb6 23. exf5 Kf7 24. fxg6+ hxg6 25. Re4 a5 26. Rde1 Reb8 27. f4
a4 28. fxe5 axb3 29. axb3 Be7 30. e6+ Ke8 31. cxd4 Rxb3 32. dxc5 Rxd3 33. Rg4
g5 34. h4 Rd5 35. h5 Bxc5 36. Bxc5 Rxc5 37. e7 Kf7 38. Rge4 Re8 39. Rf1+ Kg8
40. Re6 Rd5 41. Rg6+ Kh7 42. Rf7+ 1-0

[Event "26. ekipno prvenstvo hrvatske u sahu - I"]
[Site "Bjelovar, Krapina, Djurdjevac,"]
[Date "2017.03.26"]
[Round "1.36"]
[White "Fadljevic, Ivan"]
[Black "Livaic, Damir"]
[Result "0-1"]
[WhiteElo "1990"]
[BlackElo "2047"]
[PlyCount "82"]
[EventDate "2016.03.26"]

1. Nf3 Nf6 2. b3 d6 3. d4 g6 4. Bb2 Bg7 5. Nfd2 d5 6. c4 c6 7. e3 O-O 8. Be2
Nbd7 9. Nc3 Re8 10. f4 c5 11. O-O cxd4 12. exd4 dxc4 13. bxc4 Qb6 14. Nb3 a6
15. g4 Nf8 16. f5 gxf5 17. gxf5 e6 18. Bc1 exf5 19. c5 Qe6 20. Bf3 Ne4 21. Ne2
Ng6 22. Rb1 Qe7 23. Qd3 Bd7 24. Nc3 Bc6 25. Na5 Qd8 26. Nxc6 bxc6 27. Ne2 Nh4
28. Bh1 Nxc5 29. Qc4 Ne4 30. Rb7 Nd6 31. Qxc6 Nxb7 32. Kf2 Nd6 33. Rg1 Ne4+ 34.
Bxe4 Rxe4 35. Bg5 Bxd4+ 36. Kf1 Qe8 37. Nxd4 Qxc6 38. Nxc6 Ng6 39. h4 Rc8 40.
Ne7+ Nxe7 41. Bxe7+ Rg4 0-1

[Event "26. ekipno prvenstvo hrvatske u sahu - I"]
[Site "Bjelovar, Krapina, Djurdjevac,"]
[Date "2017.03.26"]
[Round "1.41"]
[White "Sale, Srdjan"]
[Black "Makaj, Marko"]
[Result "1/2-1/2"]
[WhiteElo "2426"]
[BlackElo "2332"]
[PlyCount "88"]
[EventDate "2016.03.26"]

1. Nf3 Nf6 2. d4 d5 3. c4 e6 4. Nc3 Be7 5. Bg5 h6 6. Bxf6 Bxf6 7. e3 O-O 8. Rc1
c6 9. Bd3 Nd7 10. O-O b6 11. cxd5 exd5 12. e4 dxe4 13. Bxe4 Bb7 14. Re1 Qb8 15.
Qb3 c5 16. Bxb7 Qxb7 17. Nd5 Qc6 18. Ne5 Nxe5 19. dxe5 Bd8 20. f4 Re8 21. Rcd1
c4 22. Qg3 Kh7 23. Qf3 Rc8 24. f5 Bg5 25. g3 Be7 26. Kg2 Bc5 27. h4 b5 28. h5
Kh8 29. Nf4 Qxf3+ 30. Kxf3 Rcd8 31. e6 Kg8 32. Rd7 fxe6 33. fxe6 Bb4 34. Red1
Ba5 35. Rxd8 Rxd8 36. Rxd8+ Bxd8 37. Nd5 Bf6 38. Nb4 Bxb2 39. Ke4 Kf8 40. Nc6
a6 41. a4 Ke8 42. g4 Bf6 43. Ke3 Kf8 44. Ke4 Ke8 1/2-1/2

[Event "26. ekipno prvenstvo hrvatske u sahu - I"]
[Site "Bjelovar, Krapina, Djurdjevac,"]
[Date "2017.03.26"]
[Round "1.42"]
[White "Pavic, Filip"]
[Black "Bodiroga, Predrag"]
[Result "1/2-1/2"]
[WhiteElo "2273"]
[BlackElo "2351"]
[PlyCount "104"]
[EventDate "2016.03.26"]

1. e4 c6 2. d4 d5 3. e5 Bf5 4. Nf3 e6 5. Be2 c5 6. c3 Nc6 7. O-O Bg4 8. Nbd2
cxd4 9. Nxd4 Bxe2 10. Qxe2 Nxd4 11. cxd4 Ne7 12. Nf3 Qb6 13. Bg5 Nc6 14. Rac1
h6 15. Be3 a6 16. Rc3 Bb4 17. Rc2 Qb5 18. Qd1 O-O 19. Qc1 Rfc8 20. a3 Bf8 21.
Qb1 Na5 22. Nd2 Nc4 23. Nxc4 dxc4 24. f4 Qd5 25. Rcc1 g6 26. Rf3 Rc6 27. Rh3
Rac8 28. Bf2 b5 29. g4 a5 30. Rcc3 b4 31. axb4 axb4 32. Rcf3 c3 33. bxc3 Rxc3
34. Rxc3 Rxc3 35. Rxc3 bxc3 36. f5 Qf3 37. fxe6 Qxg4+ 38. Kf1 fxe6 39. Qd3 Bb4
40. Qc4 Qh3+ 41. Kg1 Be7 42. Bg3 h5 43. Qxc3 h4 44. Be1 Qg4+ 45. Kf1 Qe4 46.
Bf2 g5 47. Qc8+ Kf7 48. Qb8 Qh1+ 49. Ke2 Qxh2 50. Qb6 Kf8 51. Qb8+ Kf7 52. Qb5
Kf8 1/2-1/2

[Event "26. ekipno prvenstvo hrvatske u sahu - I"]
[Site "Bjelovar, Krapina, Djurdjevac,"]
[Date "2017.03.26"]
[Round "1.43"]
[White "Sulc, Damir"]
[Black "Jukic, Zeljko"]
[Result "1/2-1/2"]
[WhiteElo "2226"]
[BlackElo "2257"]
[PlyCount "123"]
[EventDate "2016.03.26"]

1. e4 e6 2. d4 d5 3. Nc3 Bb4 4. e5 c5 5. a3 Bxc3+ 6. bxc3 Qa5 7. Bd2 Qa4 8. Qg4
Kf8 9. Qd1 Nc6 10. Nf3 c4 11. g3 Bd7 12. Bg2 h6 13. O-O Ke7 14. Re1 Rf8 15. Ra2
Kd8 16. h4 Kc8 17. h5 g5 18. Nh2 f5 19. exf6 Nxf6 20. Bh3 Nd8 21. Bg2 Be8 22.
g4 Qa5 23. Qe2 Bf7 24. Qe5 Nd7 25. Qd6 Qb6 26. Qxb6 Nxb6 27. f4 gxf4 28. Bxf4
Be8 29. Bd2 Nd7 30. Rf1 Rxf1+ 31. Kxf1 Nf6 32. Ke2 Rg8 33. Bf3 Nf7 34. Bf4 Ng5
35. Bxg5 Rxg5 36. Ra1 Bd7 37. Ke3 Kc7 38. Kf4 Kd6 39. Re1 Rg8 40. Nf1 Rf8 41.
Kg3 Rg8 42. Kh4 Nh7 43. Ne3 Ng5 44. Bg2 Rf8 45. Kg3 Ba4 46. Re2 Be8 47. Nd1 b5
48. Nf2 a5 49. Nh3 Nxh3 50. Bxh3 Bd7 51. Re5 Rg8 52. Kh4 Be8 53. g5 hxg5+ 54.
Rxg5 Rh8 55. Bg4 Ke7 56. Re5 Bf7 57. Re2 Rg8 58. Rh2 Kf6 59. Rf2+ Ke7 60. h6
Bg6 61. Re2 Be4 62. Rf2 1/2-1/2

[Event "26. ekipno prvenstvo hrvatske u sahu - I"]
[Site "Bjelovar, Krapina, Djurdjevac,"]
[Date "2017.03.26"]
[Round "1.44"]
[White "Pavic, Jakov"]
[Black "Santa, Robert"]
[Result "1-0"]
[WhiteElo "2119"]
[BlackElo "2188"]
[PlyCount "83"]
[EventDate "2016.03.26"]

1. d4 e6 2. c4 Nf6 3. Nf3 d5 4. Nc3 c6 5. e3 Nbd7 6. Bd3 dxc4 7. Bxc4 b5 8. Bd3
Bb7 9. O-O Be7 10. Qe2 a6 11. Rd1 Qc7 12. e4 c5 13. d5 e5 14. d6 Bxd6 15. Bxb5
Be7 16. Bc4 O-O 17. Bg5 Nb6 18. Rd2 h6 19. Bxf6 Bxf6 20. Rad1 Bc8 21. Nd5 Nxd5
22. Bxd5 Rb8 23. h3 Qb6 24. b3 a5 25. Rc2 Ba6 26. Bc4 Bb7 27. Rcd2 Rfd8 28. Rd7
Rxd7 29. Rxd7 Rf8 30. Qd3 a4 31. Bxf7+ Kh7 32. Bc4 axb3 33. axb3 Ra8 34. Rd6
Qc7 35. Rd7 Qb6 36. Nd2 Ra1+ 37. Kh2 Bg5 38. Qc3 Rd1 39. Qxe5 Qg6 40. Qb8 Qf6
41. Bg8+ Kg6 42. Qe8+ 1-0

[Event "26. ekipno prvenstvo hrvatske u sahu - I"]
[Site "Bjelovar, Krapina, Djurdjevac,"]
[Date "2017.03.26"]
[Round "1.45"]
[White "Komljenovic, Tihomir"]
[Black "Marceta, Ivan"]
[Result "1/2-1/2"]
[WhiteElo "2078"]
[BlackElo "2202"]
[PlyCount "34"]
[EventDate "2016.03.26"]

1. e4 c5 2. Nc3 d6 3. g3 Nf6 4. Bg2 Nc6 5. d3 Bg4 6. f3 Bd7 7. Be3 e5 8. Qd2
Nd4 9. Nge2 b5 10. O-O b4 11. Nd5 Nxd5 12. exd5 Nxe2+ 13. Qxe2 Be7 14. f4 exf4
15. Bxf4 O-O 16. c3 bxc3 17. bxc3 Ba4 1/2-1/2

[Event "26. ekipno prvenstvo hrvatske u sahu - I"]
[Site "Bjelovar, Krapina, Djurdjevac,"]
[Date "2017.03.26"]
[Round "1.46"]
[White "Kos, Bruno"]
[Black "Martic, Josip"]
[Result "1-0"]
[WhiteElo "1940"]
[BlackElo "2020"]
[PlyCount "73"]
[EventDate "2016.03.26"]

1. d4 Nf6 2. Nf3 g6 3. c4 Bg7 4. Nc3 O-O 5. e4 d6 6. Be2 e5 7. O-O Nc6 8. d5
Ne7 9. b4 Ne8 10. c5 h6 11. Nd2 f5 12. Nc4 Nf6 13. f3 f4 14. Qb3 Kh8 15. Ba3
Ne8 16. b5 b6 17. cxd6 cxd6 18. Bb4 g5 19. a4 h5 20. a5 Rb8 21. axb6 axb6 22.
Qa3 Ng6 23. Nxd6 Nxd6 24. Bxd6 Rb7 25. Bxf8 Bxf8 26. Qb2 Rb8 27. Ra7 g4 28.
Rfa1 Qh4 29. Bf1 Bc5+ 30. Kh1 Bf2 31. Ra8 Bg3 32. h3 gxh3 33. gxh3 Rxa8 34.
Rxa8 Qd8 35. Ne2 Bf2 36. Nxf4 Kh7 37. Nxg6 1-0

[Event "26. ekipno prvenstvo hrvatske u sahu - I"]
[Site "Bjelovar, Krapina, Djurdjevac,"]
[Date "2017.03.26"]
[Round "1.51"]
[White "Pandurevic, Miro"]
[Black "Pecnik, Leo"]
[Result "1/2-1/2"]
[WhiteElo "2263"]
[BlackElo "2340"]
[PlyCount "110"]
[EventDate "2016.03.26"]

1. Nf3 Nf6 2. c4 g6 3. b3 Bg7 4. Bb2 O-O 5. e3 c5 6. Be2 Nc6 7. O-O b6 8. d4
cxd4 9. Nxd4 Bb7 10. Nd2 Rc8 11. Bf3 Qc7 12. Nxc6 Bxc6 13. Rc1 Ng4 14. Bxg4
Bxb2 15. Rc2 Be5 16. f4 Bd6 17. Kh1 f5 18. Bf3 e5 19. Bxc6 dxc6 20. fxe5 Bxe5
21. Nf3 Rcd8 22. Rd2 Rxd2 23. Qxd2 Rd8 24. Qc2 Qe7 25. Rd1 Bc7 26. Rxd8+ Bxd8
27. Qd3 Bc7 28. Kg1 Bd6 29. Kf2 Bc5 30. g3 a6 31. h4 Qf6 32. Ng5 f4 33. gxf4
Qxf4+ 34. Nf3 Qd6 35. Qe4 Qf6 36. Kg3 Qd6+ 37. Kg2 Kg7 38. Qe8 Qe7 39. Qxe7+
Bxe7 40. Kg3 Bd6+ 41. Kg4 Kf6 42. Nd4 Ke5 43. Nxc6+ Ke4 44. Kg5 b5 45. Kh6 bxc4
46. bxc4 Bg3 47. Kxh7 Bxh4 48. Kxg6 Kxe3 49. c5 Bg3 50. Kf5 Kd3 51. Ne5+ Kd4
52. Nd7 Kd5 53. Nf6+ Kxc5 54. Ne4+ Kb4 55. Nxg3 Ka3 1/2-1/2